Failed U.S. Presidential Candidates - Statistics

General Stats
  • This quiz has been taken 234 times
  • The average score is 41 of 80
Answer Stats
Year Elected Candidate Party Answer % Correct
2016 Donald Trump Democratic Hillary Clinton
96%
2000 George W. Bush Democratic Al Gore
90%
1812 James Madison Federalist Dewitt Clinton
89%
Democratic-Republican George Clinton
88%
Democratic-Republican George Clinton
88%
2008 Barack Obama Republican John McCain
88%
2012 Barack Obama Republican Mitt Romney
88%
2004 George W. Bush Democratic John Kerry
87%
1960 John Fitzgerald Kennedy Republican Richard Nixon
87%
1992 Bill Clinton Republican George Bush
84%
1980 Ronald Reagan Democratic Jimmy Carter
84%
1789 George Washington Federalist* John Adams
83%
1792 George Washington Federalist* John Adams
83%
Federalist John Adams
83%
1820 James Monroe Independent (Federalist) John Quincy Adams
83%
1828 Andrew Jackson National Republican John Quincy Adams
83%
1796 John Adams Democratic-Republican* Thomas Jefferson
83%
1976 Jimmy Carter Republican Gerald Ford
81%
1996 Bill Clinton Republican Robert Dole
81%
1984 Ronald Reagan Democratic Walter Mondale
78%
1932 Franklin Delano Roosevelt Republican Herbert Hoover
74%
1988 George H. W. Bush Democratic Michael Dukakis
73%
1912 Woodrow Wilson Progressive (Bull Moose) Theodore Roosevelt
73%
1824 John Quincy Adams Democratic-Republican Andrew Jackson
68%
1972 Richard Nixon Democratic George McGovern
66%
1968 Richard Nixon Democratic Hubert Humphrey
66%
American Independent George Wallace
65%
Republican William Howard Taft
64%
1964 Lyndon B. Johnson Republican Barry Goldwater
63%
1944 Franklin Delano Roosevelt Republican Thomas Dewey
62%
1948 Harry S. Truman Republican Thomas Dewey
62%
1892 Grover Cleveland Republican Benjamin Harrison
61%
1836 Martin Van Buren Whig William Henry Harrison
60%
1952 Dwight D. Eisenhower Democratic Adlai Stevenson
59%
1956 Dwight D. Eisenhower Democratic Adlai Stevenson
59%
1888 Benjamin Harrison Democratic Grover Cleveland
58%
1840 William Henry Harrison Democratic Martin Van Buren
58%
Democratic-Republican Aaron Burr
57%
1800 Thomas Jefferson Democratic-Republican* Aaron Burr
57%
Democratic-Republican Henry Clay
52%
1832 Andrew Jackson National Republican Henry Clay
52%
1844 James Knox Polk Whig Henry Clay
52%
American (Know-Nothing) Millard Fillmore
50%
1896 William McKinley Democratic-Populist William Jennings Bryan
50%
1900 William McKinley Democratic-Populist William Jennings Bryan
50%
1908 William Howard Taft Democratic William Jennings Bryan
50%
1936 Franklin Delano Roosevelt Republican Alfred Landon
46%
Democratic Stephen Douglas
45%
1928 Herbert Hoover Democratic Alfred Smith
44%
States' Rights Democratic (Dixiecrat) J. Strom Thurmond
43%
1864 Abraham Lincoln Democratic George McClellan
42%
1940 Franklin Delano Roosevelt Republican Wendell Willkie
42%
1876 Rutherford Birchard Hayes Democratic Samuel Jones Tilden
36%
1860 Abraham Lincoln Democratic John Breckinridge
35%
1856 James Buchanan Republican John C. Fremont
33%
Federalist Charles Pinckney
31%
Federalist Charles Pinckney
31%
1804 Thomas Jefferson Federalist Charles Pinckney
31%
1808 James Madison Federalist Charles Pinckney
31%
1872 Ulysses Simpson Grant Democratic (died before election) Horace Greeley
31%
1920 Warren G. Harding Democratic James Middleton Cox
27%
Constitutional Union John Bell
27%
Progressive Robert La Follette
27%
1916 Woodrow Wilson Republican Charles Hughes
26%
1852 Franklin Pierce Whig Winfield Scott
25%
1884 Grover Cleveland Republican James Blaine
22%
1816 James Monroe Federalist Rufus King
21%
1924 Calvin Coolidge Democratic John Davis
20%
1848 Zachary Taylor Democratic Lewis Cass
20%
1880 James Garfield Democratic Winfield Hancock
19%
1904 Theodore Roosevelt Democratic Alton Parker
18%
Federalist John Jay
18%
1868 Ulysses Simpson Grant Democratic Horatio Seymour
17%
People's (Populist) James Weaver
15%
Whig Daniel Webster
14%
Democratic-Republican William Crawford
12%
Anti-Masonic William Wirt
11%
Independent/Nullifier John Floyd
5%
Whig Hugh White
4%
Whig W.P. Magnum
2%
No matching quizzes found
Score Distribution
Percent of People with Each Score
Percentile by Number Answered
Your Score History
You have not taken this quiz